|
|
|
|
| LEADER |
03099nam a2200553 4500 |
| 001 |
978-981-13-2838-1 |
| 003 |
DE-He213 |
| 005 |
20191022021818.0 |
| 007 |
cr nn 008mamaa |
| 008 |
180927s2018 si | s |||| 0|eng d |
| 020 |
|
|
|a 9789811328381
|9 978-981-13-2838-1
|
| 024 |
7 |
|
|a 10.1007/978-981-13-2838-1
|2 doi
|
| 040 |
|
|
|d GrThAP
|
| 050 |
|
4 |
|a TA1750-1750.22
|
| 072 |
|
7 |
|a TJFD
|2 bicssc
|
| 072 |
|
7 |
|a TEC021020
|2 bisacsh
|
| 072 |
|
7 |
|a TJFD
|2 thema
|
| 082 |
0 |
4 |
|a 620.11295
|2 23
|
| 082 |
0 |
4 |
|a 620.11297
|2 23
|
| 100 |
1 |
|
|a Guo, Nan.
|e author.
|4 aut
|4 http://id.loc.gov/vocabulary/relators/aut
|
| 245 |
1 |
0 |
|a Infrared Photodetectors Based on Low-Dimensional Materials
|h [electronic resource] /
|c by Nan Guo.
|
| 250 |
|
|
|a 1st ed. 2018.
|
| 264 |
|
1 |
|a Singapore :
|b Springer Singapore :
|b Imprint: Springer,
|c 2018.
|
| 300 |
|
|
|a X, 54 p. 36 illus., 31 illus. in color.
|b online resource.
|
| 336 |
|
|
|a text
|b txt
|2 rdacontent
|
| 337 |
|
|
|a computer
|b c
|2 rdamedia
|
| 338 |
|
|
|a online resource
|b cr
|2 rdacarrier
|
| 347 |
|
|
|a text file
|b PDF
|2 rda
|
| 490 |
1 |
|
|a Springer Theses, Recognizing Outstanding Ph.D. Research,
|x 2190-5053
|
| 505 |
0 |
|
|a Introduction and Background -- Photovoltaic and photo-thermoelectric effects in Graphene photodetector -- Multispectral active infrared imaging by Graphene photodetector -- Anomalous responsivity in InAs nanowire phototransistors based on majority carrier transport -- Two-dimensional material/nanowire hybrid photodetector -- Conclusion and Prospect.
|
| 520 |
|
|
|a This book is focused on the study of physical mechanisms and device design for achieving high-performance infrared photodetection based on low-dimensional materials. Through theory analysis, material characterization and photo-electric measurements, it provides solutions to the trade-off problems which are commonly encountered in traditional infrared photodetectors and presents novel methods to improve the responsivity, detectivity and response speed. Researchers and scientists in the field of opto-electronic device can benefit from the book.
|
| 650 |
|
0 |
|a Optical materials.
|
| 650 |
|
0 |
|a Electronic materials.
|
| 650 |
|
0 |
|a Lasers.
|
| 650 |
|
0 |
|a Photonics.
|
| 650 |
|
0 |
|a Electronics.
|
| 650 |
|
0 |
|a Microelectronics.
|
| 650 |
1 |
4 |
|a Optical and Electronic Materials.
|0 http://scigraph.springernature.com/things/product-market-codes/Z12000
|
| 650 |
2 |
4 |
|a Optics, Lasers, Photonics, Optical Devices.
|0 http://scigraph.springernature.com/things/product-market-codes/P31030
|
| 650 |
2 |
4 |
|a Electronics and Microelectronics, Instrumentation.
|0 http://scigraph.springernature.com/things/product-market-codes/T24027
|
| 710 |
2 |
|
|a SpringerLink (Online service)
|
| 773 |
0 |
|
|t Springer eBooks
|
| 776 |
0 |
8 |
|i Printed edition:
|z 9789811328374
|
| 776 |
0 |
8 |
|i Printed edition:
|z 9789811328398
|
| 776 |
0 |
8 |
|i Printed edition:
|z 9789811348099
|
| 830 |
|
0 |
|a Springer Theses, Recognizing Outstanding Ph.D. Research,
|x 2190-5053
|
| 856 |
4 |
0 |
|u https://doi.org/10.1007/978-981-13-2838-1
|z Full Text via HEAL-Link
|
| 912 |
|
|
|a ZDB-2-CMS
|
| 950 |
|
|
|a Chemistry and Materials Science (Springer-11644)
|